000 00755nam a22002297a 4500
005 20170124110226.0
010 _aB-276998
020 _c00.00
_a9781403144904
035 _aB-276998
037 _bCen Lib/Ret
040 _aDPL
_bEN
082 _a299.936
_bHUB
100 _aHubbard, L. Ron
_940748
245 _aIntroduction to Scientology Ethics /
_cby L. Ron Hubbard
260 _aCalifornia
_bBridge Publications, Inc.
_c2007
270 _bCalifornia
_a4751 founttain avenue, lose angeles
_e90029
300 _avii, 513p.
_c23cm(Hb)
500 _aIncludes appendix, glossary, bibliographical references and index
650 _aScientology
_940749
650 _aReligious ethics
_940750
942 _2ddc
_cEN
_h299.936
_mHUB
999 _c134445
_d134445